FIFA World Cup 2026 - Scotland Squad - Statistics

General Stats
  • This quiz has been taken 7 times
  • The average score is 14 of 27
Answer Stats
Team # Position Club/Country Player % Correct
Scotland 3 LB Liverpool FC Andrew Robertson
100%
Scotland 1 GK Nottingham Forest Angus Gunn
86%
Scotland 7 CM Aston Villa John McGinn
86%
Scotland 4 CM SSC Napoli Scott McTominay
86%
Scotland 17 RW AFC Bournemouth Ben Gannon-Doak
71%
Scotland 10 ST Torino FC Ché Adams
71%
Scotland 19 CM Bologna FC 1909 Lewis Ferguson
71%
Scotland 22 RB Everton FC Nathan Patterson
71%
Scotland 11 CM AFC Bournemouth Ryan Christie
71%
Scotland 8 CM Manchester United Tyler Fletcher
71%
Scotland 2 RB Brentford FC Aaron Hickey
57%
Scotland 5 CB Hibernian FC Grant Hanley
57%
Scotland 20 ST Heart of Midlothian FC Lawrence Shankland
57%
Scotland 26 CB GNK Dinamo Zagreb Scott McKenna
57%
Scotland Manager Scotland Steve Clarke
57%
Scotland 21 GK Heart of Midlothian FC Craig Gordon
43%
Scotland 15 CB Rangers FC John Souttar
43%
Scotland 6 LB Celtic FC Kieran Tierney
43%
Scotland 12 GK Rangers FC Liam Kelly
43%
Scotland 25 LW Kilmarnock FC Findlay Curtis
29%
Scotland 18 ST Ipswich Town George Hirst
29%
Scotland 23 CM Norwich City Kenny McLean
29%
Scotland 9 ST Charlton Athletic Lyndon Dykes
29%
Scotland 14 ST Southampton FC Ross Stewart
29%
Scotland 24 RB Celtic FC Anthony Ralston
14%
Scotland 16 CB Wrexham AFC Dominic Hyam
14%
Scotland 13 CB Al-Ettifaq FC Jack Hendry
14%
No matching quizzes found
Score Distribution
Percent of People with Each Score
Percentile by Number Answered
Your Score History
You have not taken this quiz